000 00637nam a2200241Ia 4500
003 OSt
005 20221005125155.0
006 a|||||r|||| 00| 0
007 ta
008 221004b |||||||| |||| 00| 0 eng d
024 _a37448
037 _cTextual
040 _aCRL
_cCRL
_beng
041 _2eng
_aeng
082 _aO:1x0Y111, J2
100 _aOpie Iona Ed.
_958051
245 0 _aOxford dictionary of nursery rhymes
260 _c1952
650 _aENGLISH LITERATURE
700 _a Opie Peter Ed.
_958052
942 _hO:1x0Y111, J2
_cTEXL
_2cc
999 _c1053156
_d1053156